[Event "Madrid-ch Veteranos 2016/2017"]
[Site "Madrid ESP"]
[Date "2017.01.09"]
[Round "1.26"]
[White "Fernandez Garcia, Ignacio"]
[Black "Rufo Yebra, Benito"]
[Result "1-0"]
[WhiteElo "1833"]
[BlackElo "1352"]
[PlyCount "67"]
[EventDate "2017.01.09"]
[EventType "swiss"]
[EventRounds "9"]
[EventCountry "ESP"]
[SourceTitle "Ajedrez en Madrid"]
[Source "lmi"]
[SourceDate "2017.01.09"]

1. e4 e5 2. Nf3 d6 3. Bc4 h6 4. h3 Nf6 5. Nc3 Nc6 6. d3 Na5 7. Be3 Nxc4 8. dxc4
Be7 9. Qe2 c5 10. O-O-O Bd7 11. Nd2 a5 12. f4 Qc7 13. g4 Bc6 14. fxe5 dxe5 15.
Qf2 b6 16. Rhf1 O-O-O 17. Nd5 Bxd5 18. cxd5 Rhf8 19. Nc4 Nxe4 20. Qf5+ Kb8 21.
Qxe4 f6 22. Rd3 Bd6 23. Rb3 Ka7 24. Rxb6 Rd7 25. Rc6 Qd8 26. Nxd6 Rff7 27.
Bxc5+ Kb8 28. Rf3 Rb7 29. Rb3 Rxb3 30. Nxf7 Qd7 31. axb3 Qxf7 32. Qc4 Ka8 33.
Qa6+ Kb8 34. Rc8# 1-0

[Event "Madrid-ch Veteranos 2016/2017"]
[Site "Madrid ESP"]
[Date "2017.01.09"]
[Round "1.27"]
[White "Martin Rodriguez, Jose Luis"]
[Black "Hernandez Gutierrez, Jose"]
[Result "0-1"]
[WhiteElo "1327"]
[BlackElo "1816"]
[PlyCount "54"]
[EventDate "2017.01.09"]
[EventType "swiss"]
[EventRounds "9"]
[EventCountry "ESP"]
[SourceTitle "Ajedrez en Madrid"]
[Source "lmi"]
[SourceDate "2017.01.09"]

1. c4 Nf6 2. Nc3 c5 3. Nf3 Nc6 4. g3 g6 5. Bg2 Bg7 6. O-O O-O 7. d3 d6 8. Bg5
h6 9. Bxf6 Bxf6 10. Qd2 Bg7 11. Rab1 a6 12. a3 Qa5 13. Nd5 Qxd2 14. Nxd2 Rb8
15. e3 Bf5 16. Be4 b5 17. Bxf5 gxf5 18. cxb5 axb5 19. b4 e6 20. Nf4 cxb4 21.
Rfc1 Rfc8 22. d4 bxa3 23. Ra1 b4 24. Nb3 Ne7 25. Rxc8+ Rxc8 26. Nd3 Rc3 27.
Ndc1 e5 0-1

[Event "Madrid-ch Veteranos 2016/2017"]
[Site "Madrid ESP"]
[Date "2017.01.09"]
[Round "1.28"]
[White "Serrano Garcia, Vicente"]
[Black "Perales Hernandez, Manuel"]
[Result "1-0"]
[WhiteElo "1807"]
[BlackElo "1306"]
[PlyCount "101"]
[EventDate "2017.01.09"]
[EventType "swiss"]
[EventRounds "9"]
[EventCountry "ESP"]
[SourceTitle "Ajedrez en Madrid"]
[Source "lmi"]
[SourceDate "2017.01.09"]

1. d4 d5 2. Nf3 h6 3. Bf4 Bg4 4. Ne5 Be6 5. e3 Nd7 6. Bd3 Nxe5 7. dxe5 g5 8.
Bg3 h5 9. h4 g4 10. Nd2 c5 11. c3 c4 12. Bc2 Nh6 13. e4 Qb6 14. exd5 Bxd5 15.
Ba4+ Bc6 16. Nxc4 Qc5 17. Bxc6+ Qxc6 18. Ne3 Bg7 19. Qb3 O-O 20. O-O-O e6 21.
Rd6 Qe4 22. Rd4 Qc6 23. Rhd1 Qc7 24. Rd7 Qb8 25. Rxb7 Qc8 26. Rdd7 Qc5 27. Rbc7
Qa5 28. Nc4 Rab8 29. Nxa5 Rxb3 30. Nxb3 Nf5 31. Rc5 f6 32. Nd4 Nxg3 33. fxg3
fxe5 34. Rxg7+ Kh8 35. Nxe6 Re8 36. Rxe5 Rxe6 37. Rxe6 Kxg7 38. c4 Kf7 39. Ra6
Ke7 40. c5 Kd7 41. b4 Kc7 42. Rxa7+ Kc6 43. a4 Kd5 44. Rh7 Kc6 45. Rxh5 Kb7 46.
b5 Kc7 47. Rh7+ Kb8 48. c6 Kc8 49. b6 Kd8 50. b7 Ke8 51. b8=Q# 1-0

[Event "Madrid-ch Veteranos 2016/2017"]
[Site "Madrid ESP"]
[Date "2017.01.09"]
[Round "1.29"]
[White "Perez Ramos, Miguel Angel"]
[Black "Perez Cameselle, Francisco Jose"]
[Result "0-1"]
[WhiteElo "1188"]
[BlackElo "1790"]
[PlyCount "54"]
[EventDate "2017.01.09"]
[EventType "swiss"]
[EventRounds "9"]
[EventCountry "ESP"]
[SourceTitle "Ajedrez en Madrid"]
[Source "lmi"]
[SourceDate "2017.01.09"]

1. e4 c5 2. Nc3 Nc6 3. Nf3 g6 4. Bb5 Bg7 5. Bxc6 bxc6 6. d4 cxd4 7. Nxd4 Ba6 8.
Nce2 Nf6 9. f3 O-O 10. O-O Qb6 11. c3 e5 12. Be3 exd4 13. Bxd4 c5 14. Bf2 Qc6
15. Re1 d5 16. Ng3 dxe4 17. fxe4 Rfd8 18. Qf3 Rd3 19. Be3 Bh6 20. Rad1 Rad8 21.
Kf2 Bxe3+ 22. Rxe3 Rxd1 23. Ne2 R8d2 24. g4 Rxe2+ 25. Rxe2 Bxe2 26. Qxe2 Rd2
27. Qxd2 Nxe4+ 0-1

[Event "Madrid-ch Veteranos 2016/2017"]
[Site "Madrid ESP"]
[Date "2017.01.09"]
[Round "1.34"]
[White "Infante Martin, Alonso"]
[Black "Suarez Mencia, Roberto"]
[Result "1-0"]
[WhiteElo "1396"]
[BlackElo "1433"]
[PlyCount "85"]
[EventDate "2017.01.09"]
[EventType "swiss"]
[EventRounds "9"]
[EventCountry "ESP"]
[SourceTitle "Ajedrez en Madrid"]
[Source "lmi"]
[SourceDate "2017.01.09"]

1. d4 Nf6 2. c4 g6 3. f3 d6 4. Nc3 Bg7 5. e4 O-O 6. Be3 e5 7. d5 c6 8. Qd2 c5
9. Bd3 Nbd7 10. Nge2 a6 11. a4 Re8 12. g4 h5 13. h3 Nh7 14. Ng3 h4 15. Nge2 Qf6
16. Rf1 Ndf8 17. f4 exf4 18. Nxf4 Qe5 19. Qf2 Qe7 20. Nfe2 Nd7 21. Bf4 g5 22.
Bxd6 Ne5 23. Bxe5 Bxe5 24. Kd2 Rf8 25. Ng1 Bg3 26. Qe2 Bf4+ 27. Kc2 Bd7 28. Nf3
b5 29. axb5 axb5 30. Nxb5 Bxb5 31. cxb5 Rac8 32. Bc4 Nf6 33. e5 Nxd5 34. Bxd5
c4 35. Bxc4 Qb4 36. b3 Rc5 37. Ra4 Qxb5 38. Qe4 Qe8 39. Qg6+ Kh8 40. Qf6+ Kh7
41. Ra6 Bxe5 42. Nxg5+ Kg8 43. Qg6+ 1-0

[Event "Madrid-ch Veteranos 2016/2017"]
[Site "Madrid ESP"]
[Date "2017.01.10"]
[Round "2.1"]
[White "Pashov, Spas Nikolov"]
[Black "Elissalt Cardenas, Hector"]
[Result "0-1"]
[WhiteElo "1870"]
[BlackElo "2379"]
[PlyCount "92"]
[EventDate "2017.01.09"]
[EventType "swiss"]
[EventRounds "9"]
[EventCountry "ESP"]
[SourceTitle "Ajedrez en Madrid"]
[Source "lmi"]
[SourceDate "2017.01.09"]

1. e4 d6 2. d4 Nf6 3. Nc3 e5 4. dxe5 dxe5 5. Qxd8+ Kxd8 6. Bc4 Be6 7. Bxe6 fxe6
8. Nf3 Bd6 9. Be3 a6 10. O-O-O Nbd7 11. h3 Ke7 12. a4 Rhb8 13. Nd2 b5 14. f3
Bc5 15. Rhe1 Bd4 16. a5 c5 17. Na2 Rc8 18. c3 Bxe3 19. Rxe3 c4 20. b4 g5 21.
Rh1 Rg8 22. Nf1 Nf8 23. Kc2 Ng6 24. g3 h5 25. Nc1 Rad8 26. Ne2 Rd7 27. Rh2 Rgd8
28. Nc1 Rd1 29. Rf2 h4 30. Ree2 Nh5 31. gxh4 gxh4 32. Ne3 R1d7 33. Re1 Nhf4 34.
Rh2 Nd3 35. Rg1 Kf7 36. Rhg2 Ndf4 37. Rh2 Ne7 38. Rd1 Rxd1 39. Nxd1 Rg8 40. Kd2
Rg3 41. Ke3 Rxh3 42. Rd2 Rh1 43. Rd6 h3 44. Ne2 Re1 45. Rd2 h2 46. Nf2 Ng2# 0-1

[Event "Madrid-ch Veteranos 2016/2017"]
[Site "Madrid ESP"]
[Date "2017.01.10"]
[Round "2.2"]
[White "Nunez Munoz, Jesus"]
[Black "Martin-Consuegra Barrilero, Francisco Javier"]
[Result "1-0"]
[WhiteElo "2186"]
[BlackElo "1855"]
[PlyCount "139"]
[EventDate "2017.01.09"]
[EventType "swiss"]
[EventRounds "9"]
[EventCountry "ESP"]
[SourceTitle "Ajedrez en Madrid"]
[Source "lmi"]
[SourceDate "2017.01.09"]

1. e4 d6 2. d4 Nf6 3. Nc3 e5 4. Nf3 Nbd7 5. Be2 Be7 6. O-O O-O 7. Re1 c6 8. a4
a5 9. Bf1 Re8 10. b3 Qc7 11. Bb2 Bf8 12. h3 exd4 13. Nxd4 Nc5 14. Qf3 Be6 15.
Rad1 Rad8 16. Qg3 Nh5 17. Qf3 g6 18. Nxe6 fxe6 19. e5 d5 20. g4 Ng7 21. Qe3 Nd7
22. Nb1 Bc5 23. Bd4 b6 24. Bg2 Rf8 25. f4 Rde8 26. c3 Qd8 27. Rf1 Qe7 28. Nd2
Bxd4 29. cxd4 c5 30. Rc1 Rc8 31. Nf3 Rc7 32. Qd2 Rfc8 33. Rfd1 c4 34. bxc4 Rxc4
35. Bf1 R4c7 36. Ba6 Rxc1 37. Rxc1 Rxc1+ 38. Qxc1 Nf8 39. Qc3 Qb4 40. Qxb4 axb4
41. Kf2 b3 42. Ke3 b2 43. Bd3 Nd7 44. Kd2 Nb8 45. Kc2 Nc6 46. Kxb2 Na7 47. Kc3
Kf8 48. Bc2 Ke7 49. Ng5 h6 50. Nf3 Kf7 51. Nh4 Ne8 52. Bxg6+ Ke7 53. f5 Nc7 54.
f6+ Kf8 55. Bd3 Nc6 56. Ng6+ Kg8 57. Nf4 Nd8 58. h4 Nf7 59. Bg6 Nd8 60. g5 hxg5
61. hxg5 Nc6 62. Bh5 b5 63. axb5 Nxb5+ 64. Kd3 Nc7 65. Bg4 Nd8 66. g6 Kf8 67.
Nh3 Kg8 68. Ng5 Kf8 69. Kc3 Nc6 70. Nxe6+ 1-0

[Event "Madrid-ch Veteranos 2016/2017"]
[Site "Madrid ESP"]
[Date "2017.01.10"]
[Round "2.3"]
[White "Esteban Amo, Jose M"]
[Black "Sanchez Garcia, Aurelio"]
[Result "1/2-1/2"]
[WhiteElo "1850"]
[BlackElo "2131"]
[PlyCount "111"]
[EventDate "2017.01.09"]
[EventType "swiss"]
[EventRounds "9"]
[EventCountry "ESP"]
[SourceTitle "Ajedrez en Madrid"]
[Source "lmi"]
[SourceDate "2017.01.09"]

1. e4 e6 2. d4 d5 3. Nc3 Nc6 4. Nf3 Nf6 5. Bg5 Be7 6. e5 Ne4 7. Bxe7 Qxe7 8.
Bd3 Qb4 9. O-O Nxc3 10. bxc3 Qxc3 11. Rb1 Qa3 12. Qd2 Qe7 13. c3 b6 14. Rfe1
Bd7 15. Ba6 Na5 16. Qe2 O-O 17. Bd3 Rac8 18. Ba6 Rb8 19. Nd2 c5 20. Bd3 Nc6 21.
Nf3 cxd4 22. Nxd4 Nxd4 23. cxd4 f6 24. Qh5 g6 25. Qg4 Rbc8 26. f4 f5 27. Qe2
Bc6 28. Rec1 Bb7 29. Qb2 Rxc1+ 30. Rxc1 Rc8 31. Rxc8+ Bxc8 32. Qc3 Bb7 33. g3
Kf7 34. Kf2 Ke8 35. Bb5+ Kd8 36. Ke2 a6 37. Ba4 b5 38. Bb3 b4 39. Qc2 Qc7 40.
Kd2 Qxc2+ 41. Kxc2 Bc6 42. Kb2 Kc7 43. a3 a5 44. axb4 axb4 45. Bd1 Kb6 46. Be2
Ka5 47. Bd3 Ba4 48. Be2 Bb5 49. Bd1 Bc4 50. Bf3 Ka4 51. Bd1+ b3 52. Bf3 Bd3 53.
Bd1 Bc4 54. Bf3 Kb4 55. Bd1 Ka4 56. Bf3 1/2-1/2

[Event "Madrid-ch Veteranos 2016/2017"]
[Site "Madrid ESP"]
[Date "2017.01.10"]
[Round "2.4"]
[White "Casares Ripoll, Fernando"]
[Black "Fernandez Garcia, Ignacio"]
[Result "1/2-1/2"]
[WhiteElo "2124"]
[BlackElo "1833"]
[PlyCount "80"]
[EventDate "2017.01.09"]
[EventType "swiss"]
[EventRounds "9"]
[EventCountry "ESP"]
[SourceTitle "Ajedrez en Madrid"]
[Source "lmi"]
[SourceDate "2017.01.09"]

1. d4 e6 2. Nf3 d5 3. c4 c6 4. e3 Nf6 5. Nc3 Bd6 6. Bd3 Nbd7 7. O-O O-O 8. Qc2
e5 9. e4 dxc4 10. Bxc4 exd4 11. Nxd4 Ne5 12. Be2 Bc5 13. Nb3 Bb6 14. Bg5 Qe7
15. Kh1 h6 16. Bh4 Ng6 17. Bg3 Re8 18. Nd2 Be6 19. f4 Bc8 20. e5 Nd5 21. Nc4
Nxc3 22. Qxc3 Bc7 23. Bd3 a5 24. Rae1 Qb4 25. Qc2 Nf8 26. f5 b5 27. Nd6 Bxd6
28. exd6 Bd7 29. h3 Qd4 30. Re7 Rxe7 31. dxe7 Nh7 32. Re1 Nf6 33. Be5 Qh4 34.
Rf1 Re8 35. Qc5 Nh5 36. Bd6 Ng3+ 37. Bxg3 Qxg3 38. Bc2 Qg5 39. Re1 Qf6 40. Re5
Qg5 1/2-1/2

[Event "Madrid-ch Veteranos 2016/2017"]
[Site "Madrid ESP"]
[Date "2017.01.10"]
[Round "2.5"]
[White "Lopez Heras, Arturo"]
[Black "Pastor Alonso de Prado, Emilio Alberto"]
[Result "1/2-1/2"]
[WhiteElo "1837"]
[BlackElo "2113"]
[PlyCount "42"]
[EventDate "2017.01.09"]
[EventType "swiss"]
[EventRounds "9"]
[EventCountry "ESP"]
[SourceTitle "Ajedrez en Madrid"]
[Source "lmi"]
[SourceDate "2017.01.09"]

1. d4 d5 2. c4 e6 3. Nc3 Nf6 4. cxd5 exd5 5. Bg5 c6 6. e3 Nbd7 7. Bd3 Be7 8.
Qc2 O-O 9. Nf3 Re8 10. O-O h6 11. Bf4 Nf8 12. h3 Bd6 13. Bxd6 Qxd6 14. Ne5 N6d7
15. f4 a6 16. Rae1 c5 17. Nxd5 b5 18. Be4 Ra7 19. Nc6 Rb7 20. Na5 Rb8 21. Nc6
Rb7 1/2-1/2

[Event "Madrid-ch Veteranos 2016/2017"]
[Site "Madrid ESP"]
[Date "2017.01.10"]
[Round "2.6"]
[White "Lopez De Turiso, Jose Angel"]
[Black "Serrano Garcia, Vicente"]
[Result "1-0"]
[WhiteElo "2019"]
[BlackElo "1807"]
[PlyCount "42"]
[EventDate "2017.01.09"]
[EventType "swiss"]
[EventRounds "9"]
[EventCountry "ESP"]
[SourceTitle "Ajedrez en Madrid"]
[Source "lmi"]
[SourceDate "2017.01.09"]

1. e4 e6 2. d4 d5 3. Nd2 Nf6 4. Bd3 dxe4 5. Nxe4 Nxe4 6. Bxe4 c5 7. Nf3 Nc6 8.
Bxc6+ bxc6 9. O-O Be7 10. Be3 cxd4 11. Nxd4 Bb7 12. Qh5 Qd5 13. Qh3 Rd8 14. b3
O-O 15. c4 Qe4 16. Nf3 Rd3 17. Nd2 Qg6 18. Qg3 Qxg3 19. hxg3 Rfd8 20. Ne4 a5
21. Bc5 Bf8 1-0

[Event "Madrid-ch Veteranos 2016/2017"]
[Site "Madrid ESP"]
[Date "2017.01.10"]
[Round "2.7"]
[White "Hernandez Gutierrez, Jose"]
[Black "Cabanas Bravo, Juan Andres"]
[Result "0-1"]
[WhiteElo "1816"]
[BlackElo "2008"]
[PlyCount "82"]
[EventDate "2017.01.09"]
[EventType "swiss"]
[EventRounds "9"]
[EventCountry "ESP"]
[SourceTitle "Ajedrez en Madrid"]
[Source "lmi"]
[SourceDate "2017.01.09"]

1. d4 Nf6 2. c4 g6 3. g3 Bg7 4. Bg2 d5 5. cxd5 Nxd5 6. e4 Nb6 7. Nf3 O-O 8. O-O
Na6 9. Nc3 c5 10. Be3 Nc4 11. b3 Nxe3 12. fxe3 Bg4 13. Ne2 Qa5 14. Qe1 Qa3 15.
Qc1 Qb4 16. Qc4 Qa5 17. Rac1 b5 18. Qc3 Qa3 19. Qd2 Rad8 20. Nc3 Bxf3 21. Nxb5
Qb4 22. Qxb4 Nxb4 23. Bxf3 a6 24. Rxc5 axb5 25. Rxb5 Nxa2 26. Rb7 e6 27. Ra1
Nc3 28. Raa7 Rb8 29. d5 Rxb7 30. Rxb7 Rd8 31. dxe6 fxe6 32. Bg4 e5 33. Be6+ Kh8
34. Rb4 Nd1 35. Rb5 Nxe3 36. Rc5 Rf8 37. Rc1 Rd8 38. b4 Rd1+ 39. Rxd1 Nxd1 40.
b5 Bf8 41. b6 Bc5+ 0-1

[Event "Madrid-ch Veteranos 2016/2017"]
[Site "Madrid ESP"]
[Date "2017.01.10"]
[Round "2.8"]
[White "Lorenzo Bailador, Alfredo"]
[Black "Minguela Munoz, Bienvenido"]
[Result "1-0"]
[WhiteElo "1999"]
[BlackElo "1786"]
[PlyCount "85"]
[EventDate "2017.01.09"]
[EventType "swiss"]
[EventRounds "9"]
[EventCountry "ESP"]
[SourceTitle "Ajedrez en Madrid"]
[Source "lmi"]
[SourceDate "2017.01.09"]

1. e4 c5 2. c3 Nf6 3. e5 Nd5 4. d4 cxd4 5. Nf3 e6 6. cxd4 d6 7. Bc4 Nb6 8. Bd3
Nc6 9. Nc3 Bd7 10. O-O dxe5 11. dxe5 Nb4 12. Bb1 Qc7 13. Qe2 Rc8 14. a3 N4d5
15. Bd2 Nxc3 16. Bxc3 Nd5 17. Bd4 a6 18. Re1 Be7 19. Be4 Bc6 20. Rac1 Qd7 21.
g3 h5 22. h4 O-O 23. Red1 Bb5 24. Qd2 Rxc1 25. Rxc1 Bc6 26. Bc5 Bxc5 27. Rxc5
Qe7 28. Rc1 Rd8 29. Ng5 f5 30. Bg2 g6 31. Rd1 Kg7 32. Nf3 Ba4 33. Rc1 Nc7 34.
Qa5 Bc6 35. Qb6 Qd7 36. Ng5 Qd2 37. Rxc6 bxc6 38. Qxc7+ Rd7 39. Nxe6+ Kh6 40.
Qxc6 Qe1+ 41. Kh2 Rh7 42. Qd6 Qxf2 43. Qf8+ 1-0

[Event "Madrid-ch Veteranos 2016/2017"]
[Site "Madrid ESP"]
[Date "2017.01.10"]
[Round "2.9"]
[White "Perez Cameselle, Francisco Jose"]
[Black "Paarup, Torsten"]
[Result "0-1"]
[WhiteElo "1790"]
[BlackElo "1979"]
[PlyCount "72"]
[EventDate "2017.01.09"]
[EventType "swiss"]
[EventRounds "9"]
[EventCountry "ESP"]
[SourceTitle "Ajedrez en Madrid"]
[Source "lmi"]
[SourceDate "2017.01.09"]

1. Nf3 f5 2. g3 Nf6 3. d4 g6 4. c4 Bg7 5. Nc3 O-O 6. Bg2 d6 7. O-O c6 8. Qc2
Na6 9. a3 Qe8 10. d5 Bd7 11. Bf4 Rc8 12. Rad1 cxd5 13. cxd5 Ne4 14. Rb1 Nxc3
15. bxc3 Rxc3 16. Qa2 Rc7 17. Be3 Qb8 18. Rfc1 Rfc8 19. Rxc7 Rxc7 20. Rc1 Rxc1+
21. Bxc1 Qc7 22. Be3 Nc5 23. h4 Qa5 24. h5 Qc3 25. hxg6 hxg6 26. Bxc5 Qxc5 27.
Qd2 Qxa3 28. Qg5 Qa1+ 29. Kh2 Qf6 30. Qe3 b6 31. Qd3 b5 32. Qa3 Qa1 33. Qe3 Bf6
34. Qh6 Be8 35. Nh4 Bxh4 36. Qxh4 Qh8 0-1

[Event "Madrid-ch Veteranos 2016/2017"]
[Site "Madrid ESP"]
[Date "2017.01.10"]
[Round "2.10"]
[White "Alvarez Abejon, Amilcar"]
[Black "Osuna Osuna, Francisco"]
[Result "1/2-1/2"]
[WhiteElo "1979"]
[BlackElo "1488"]
[PlyCount "76"]
[EventDate "2017.01.09"]
[EventType "swiss"]
[EventRounds "9"]
[EventCountry "ESP"]
[SourceTitle "Ajedrez en Madrid"]
[Source "lmi"]
[SourceDate "2017.01.09"]

1. d4 f5 2. Nf3 Nf6 3. g3 e6 4. Bg2 d5 5. O-O Bd6 6. c4 c6 7. Nc3 O-O 8. Rb1
Ne4 9. Qc2 Nd7 10. b4 Nxc3 11. Qxc3 Nf6 12. c5 Bc7 13. Bf4 Bxf4 14. gxf4 Qe8
15. Ne5 Ng4 16. Nd3 Qh5 17. h3 Nf6 18. b5 Ne4 19. Qc1 Qxe2 20. bxc6 Qxd3 21.
cxb7 Bxb7 22. Rxb7 Qxd4 23. c6 Qc5 24. Bxe4 Qxc1 25. Rxc1 fxe4 26. Rcb1 Rac8
27. Rxa7 Rxc6 28. Rbb7 Rxf4 29. Rxg7+ Kh8 30. Rxh7+ Kg8 31. Rag7+ Kf8 32. h4
Rc1+ 33. Kg2 Rc2 34. h5 Rcxf2+ 35. Kg1 Rxa2 36. h6 Ra1+ 37. Kg2 Ra2+ 38. Kg1
Ra1+ 1/2-1/2

[Event "Madrid-ch Veteranos 2016/2017"]
[Site "Madrid ESP"]
[Date "2017.01.10"]
[Round "2.11"]
[White "Alvarez Escudero, Manuel"]
[Black "Serrano Baylin, Francisco"]
[Result "1/2-1/2"]
[WhiteElo "1782"]
[BlackElo "1962"]
[PlyCount "99"]
[EventDate "2017.01.09"]
[EventType "swiss"]
[EventRounds "9"]
[EventCountry "ESP"]
[SourceTitle "Ajedrez en Madrid"]
[Source "lmi"]
[SourceDate "2017.01.09"]

1. e4 e5 2. Nf3 d6 3. d4 exd4 4. Nxd4 Nf6 5. Bd3 Be7 6. O-O O-O 7. b3 c6 8. Bb2
Re8 9. Re1 Bf8 10. f4 Nbd7 11. Nf3 Nc5 12. e5 Nxd3 13. Qxd3 dxe5 14. Qxd8 Rxd8
15. fxe5 Nd5 16. c4 Nb4 17. Nc3 Bg4 18. Rad1 Nd3 19. Re2 Nxb2 20. Rxd8 Rxd8 21.
Rxb2 Bxf3 22. gxf3 Rd3 23. Ne4 Rxf3 24. Re2 Rd3 25. Kf2 Be7 26. Rd2 Rxd2+ 27.
Nxd2 f6 28. exf6 Bxf6 29. Kf3 Kf7 30. Ke4 Ke6 31. h3 Kd6 32. Kf5 Ke7 33. Ne4
g6+ 34. Kf4 b6 35. c5 Ke6 36. cxb6 axb6 37. a4 Be7 38. Nc3 Bb4 39. Ne2 c5 40.
Ke4 Bd2 41. Kd3 Bg5 42. Ke4 Bd2 43. Kd3 Be1 44. Ke4 g5 45. Nc1 h5 46. Nd3 Bc3
47. h4 Bf6 48. hxg5 Bxg5 49. a5 bxa5 50. Nxc5+ 1/2-1/2

[Event "Madrid-ch Veteranos 2016/2017"]
[Site "Madrid ESP"]
[Date "2017.01.10"]
[Round "2.12"]
[White "Gonzalez Mateos, Rafael"]
[Black "Infante Martin, Alonso"]
[Result "1-0"]
[WhiteElo "1955"]
[BlackElo "1396"]
[PlyCount "111"]
[EventDate "2017.01.09"]
[EventType "swiss"]
[EventRounds "9"]
[EventCountry "ESP"]
[SourceTitle "Ajedrez en Madrid"]
[Source "lmi"]
[SourceDate "2017.01.09"]

1. d4 d5 2. c3 e6 3. Nf3 c6 4. Bg5 Nf6 5. Nbd2 Nbd7 6. e3 h6 7. Bh4 g5 8. Bg3
Nh5 9. Be5 f6 10. Qc2 Qe7 11. Bd3 Nxe5 12. dxe5 f5 13. Nd4 Bd7 14. g4 Ng7 15.
gxf5 exf5 16. Nxf5 Bxf5 17. Bxf5 Qxe5 18. Bg6+ Kd7 19. O-O-O Be7 20. f4 gxf4
21. exf4 Qf6 22. Kb1 Kc7 23. c4 Rad8 24. f5 d4 25. Ne4 Qe5 26. Rhe1 Nxf5 27.
Bxf5 Qxf5 28. Ng3 Qxc2+ 29. Kxc2 Bg5 30. Re4 c5 31. b4 b6 32. bxc5 bxc5 33. h4
Be3 34. Re5 Kc6 35. Ne4 d3+ 36. Rxd3 Rxd3 37. Kxd3 Bd4 38. Re6+ Kd7 39. Ra6 Rc8
40. Rxa7+ Ke6 41. Nd2 Rd8 42. Ke4 Rd6 43. Nb3 h5 44. Rh7 Bf2 45. Rxh5 Kd7 46.
Nxc5+ Kc6 47. Nb3 Re6+ 48. Kf3 Rf6+ 49. Kg4 Be3 50. Rf5 Rg6+ 51. Kf3 Bb6 52. h5
Rg1 53. c5 Bc7 54. Nd4+ Kb7 55. Ke4 Re1+ 56. Kd5 1-0

[Event "Madrid-ch Veteranos 2016/2017"]
[Site "Madrid ESP"]
[Date "2017.01.10"]
[Round "2.13"]
[White "Losada Gonzalez, Andres"]
[Black "Martin Martin, Luis Vicente"]
[Result "0-1"]
[WhiteElo "1772"]
[BlackElo "1943"]
[PlyCount "126"]
[EventDate "2017.01.09"]
[EventType "swiss"]
[EventRounds "9"]
[EventCountry "ESP"]
[SourceTitle "Ajedrez en Madrid"]
[Source "lmi"]
[SourceDate "2017.01.09"]

1. e4 d5 2. exd5 Qxd5 3. Nc3 Qa5 4. d4 c6 5. Be2 Bf5 6. Nf3 Nd7 7. O-O Ngf6 8.
a3 e6 9. Bf4 Be7 10. b4 Qd8 11. Nh4 Ne4 12. Nxe4 Bxe4 13. Nf3 O-O 14. Bd3 Nf6
15. Bxe4 Nxe4 16. Qd3 Nf6 17. Rad1 a5 18. c3 b5 19. Rfe1 Nd5 20. Bc1 Bd6 21.
Re4 Qf6 22. Ng5 Qg6 23. Rde1 Nf6 24. Qf3 Nxe4 25. Nxe4 Be7 26. h3 Rfc8 27. Bf4
axb4 28. cxb4 Qf5 29. Qg3 Rd8 30. Nd6 Qg6 31. Nb7 Qxg3 32. Bxg3 Rd7 33. Na5 Bd6
34. Rc1 Bxg3 35. fxg3 Rxd4 36. Rxc6 Rd3 37. g4 Rb8 38. Rc7 g6 39. Nc6 Rf8 40.
Rb7 Kg7 41. Rxb5 Rxa3 42. g5 Rc3 43. Rb6 Rc8 44. b5 Rc7 45. Rb8 R3xc6 46. bxc6
Rxc6 47. Kf2 Rc5 48. h4 Rc3 49. Rb7 Rc5 50. g4 Rc3 51. Ra7 Rh3 52. Rb7 Rxh4 53.
Kg3 Rh1 54. Kf4 h6 55. gxh6+ Kxh6 56. Kg3 Rf1 57. Re7 Kg5 58. Rb7 Rf4 59. Rb5+
f5 60. gxf5 exf5 61. Rb6 Ra4 62. Kf3 Ra3+ 63. Kf2 f4 0-1

[Event "Madrid-ch Veteranos 2016/2017"]
[Site "Madrid ESP"]
[Date "2017.01.10"]
[Round "2.14"]
[White "Lopez Peral, Enrique"]
[Black "Sotoca Aguado, Jose"]
[Result "1/2-1/2"]
[WhiteElo "1764"]
[BlackElo "1924"]
[PlyCount "93"]
[EventDate "2017.01.09"]
[EventType "swiss"]
[EventRounds "9"]
[EventCountry "ESP"]
[SourceTitle "Ajedrez en Madrid"]
[Source "lmi"]
[SourceDate "2017.01.09"]

1. d4 Nf6 2. Nf3 e6 3. g3 b6 4. Bg2 Bb7 5. O-O Be7 6. b3 O-O 7. Bb2 d6 8. c4
Nbd7 9. Nc3 Ne4 10. Rc1 f5 11. e3 Ndf6 12. Nd2 Nxc3 13. Bxc3 Bxg2 14. Kxg2 Qe8
15. Qe2 Qg6 16. h3 Ne4 17. Nxe4 fxe4 18. Qg4 Qxg4 19. hxg4 a5 20. f3 exf3+ 21.
Rxf3 Rxf3 22. Kxf3 Rf8+ 23. Kg2 Bg5 24. Bd2 e5 25. d5 e4 26. Rf1 Rxf1 27. Kxf1
Kf7 28. a4 Bf6 29. b4 axb4 30. Bxb4 Ke7 31. a5 bxa5 32. Bxa5 Kd7 33. Kf2 c6 34.
dxc6+ Kxc6 35. Bb4 Be5 36. Kg2 d5 37. cxd5+ Kxd5 38. Ba5 Kc4 39. Bb6 Bd6 40.
Kf2 g6 41. Bd4 h5 42. gxh5 gxh5 43. Bf6 Kd3 44. Bg5 Bc5 45. Bf4 Kc4 46. Kg2 Kd3
47. Kf2 1/2-1/2

[Event "Madrid-ch Veteranos 2016/2017"]
[Site "Madrid ESP"]
[Date "2017.01.10"]
[Round "2.15"]
[White "Ballesteros Jimenez, Miguel Angel"]
[Black "Campos Calvo-Sotelo, Juan"]
[Result "0-1"]
[WhiteElo "1585"]
[BlackElo "1896"]
[PlyCount "90"]
[EventDate "2017.01.09"]
[EventType "swiss"]
[EventRounds "9"]
[EventCountry "ESP"]
[SourceTitle "Ajedrez en Madrid"]
[Source "lmi"]
[SourceDate "2017.01.09"]

1. e4 e6 2. d3 d5 3. Nd2 c5 4. Ngf3 Nc6 5. g3 Nf6 6. Bg2 Be7 7. O-O Bd7 8. e5
Ng4 9. Re1 Qc7 10. Qe2 h5 11. h3 Nh6 12. h4 Nf5 13. Nf1 O-O-O 14. Bf4 Qb6 15.
c3 Rdg8 16. a3 f6 17. exf6 gxf6 18. b4 e5 19. Bd2 cxb4 20. cxb4 Kb8 21. Rec1
Ncd4 22. Nxd4 Nxd4 23. Qd1 Bg4 24. Qa4 Ne2+ 25. Kh1 Nxc1 26. Rxc1 d4 27. f4 Rc8
28. Re1 Bd6 29. Qb3 exf4 30. gxf4 Rhe8 31. Rxe8 Rxe8 32. Qd5 Qc6 33. Qxd4 Bf3
34. Ne3 Rxe3 35. Bxe3 Bxg2+ 36. Kh2 Bf1 37. Qb2 Qf3 38. Qd2 f5 39. Kg1 Be7 40.
Qf2 Qxf2+ 41. Bxf2 Bxd3 42. Kg2 b5 43. Kf3 Bf6 44. Ke3 Bc4 45. Kd2 Bb2 0-1

[Event "Madrid-ch Veteranos 2016/2017"]
[Site "Madrid ESP"]
[Date "2017.01.10"]
[Round "2.16"]
[White "Kejo, Janne"]
[Black "Ghavami, Mahmoud"]
[Result "1-0"]
[WhiteElo "2059"]
[BlackElo "1566"]
[PlyCount "98"]
[EventDate "2017.01.09"]
[EventType "swiss"]
[EventRounds "9"]
[EventCountry "ESP"]
[SourceTitle "Ajedrez en Madrid"]
[Source "lmi"]
[SourceDate "2017.01.09"]

1. e4 e6 2. d4 d5 3. exd5 exd5 4. Bd3 Bd6 5. Ne2 Ne7 6. Bf4 Bf5 7. c3 O-O 8.
O-O Bxf4 9. Nxf4 Qd6 10. Qd2 Nd7 11. Na3 c6 12. Rfe1 Nf6 13. Rxe7 Bxd3 14. Rxb7
Bf5 15. f3 g5 16. Nd3 g4 17. Qf4 Qxf4 18. Nxf4 gxf3 19. gxf3 Rfb8 20. Rxb8+
Rxb8 21. b3 Re8 22. Kf2 Kg7 23. Rg1+ Kh6 24. Nb1 Nh5 25. Nxh5 Kxh5 26. Nd2 Bd3
27. Re1 Rxe1 28. Kxe1 Kh4 29. Kf2 h5 30. c4 Kg5 31. Ke3 Bc2 32. cxd5 cxd5 33.
Nf1 Kh4 34. Kf2 Kh3 35. Kg1 Bd1 36. Kf2 Bc2 37. b4 Bb1 38. a4 Bc2 39. a5 Ba4
40. Ng3 h4 41. Nf5 Bd7 42. Nd6 a6 43. Nxf7 Kxh2 44. Ne5 Bb5 45. f4 Kh1 46. f5
h3 47. f6 Be8 48. b5 axb5 49. a6 h2 1-0